Na co zwracamy uwagę poszukując pracy? - Statystyki

Ogólne statystyki
  • Ten quiz został rozwiązany 4 razy
  • Średni wynik to 2 z 6
Statystyki odpowiedzi
Hint Odpowiedź % Poprawnych
1. wynagrodzenie
100%
4. lokalizacja
75%
3. godziny pracy
50%
6. benefity
0%
2. czas dojazdu
0%
5. renoma firmy
0%
Nie znaleziono quizów pasujących do podanych kryteriów
Rozkład punktacji
Procent ludzi z każdym wynikiem
Percentyl według liczby udzielonych odpowiedzi
Twoja historia wyników
Nie rozwiązałeś tego quizu